Statistiques concernant Générique des Winx (saison 1)

Cliquez ici pour prendre le quiz!

Statistiques générales

  • Ce quiz a été pris 1 219 fois
  • Le résultat moyen est 112 sur 145

Statistiques - réponses

Réponse% Correct
Winx
98%
le
97%
nous
97%
De
96%
de
96%
Si
96%
si
96%
tu
96%
et
95%
La
95%
la
95%
avec
94%
main
94%
veux
94%
être
93%
peux
93%
demain
92%
les
92%
des
89%
pouvoirs
88%
tiens
87%
tous
87%
aurons
86%
me
85%
bien
84%
destin
83%
se
83%
magie
81%
tout
81%
en
79%
notre
79%
un
77%
lumière
76%
c'est
70%
C'est
70%
s'éclaire
69%
force
68%
l'espoir
68%
sourire
68%
ciel
66%
dans
66%
étoiles
64%
donnera
63%
qui
63%
vers
63%
Moi
61%
rayon
61%
infini
59%
je
59%
l'aventure
58%
voler
58%
commence
57%
forgeant
56%
là-haut
56%
l'espace
56%
plus
56%
temps
56%
n'existe
55%
près
55%
m'élance
54%
rêves
54%
battrons
53%
il
52%
Quand
51%
Terre
51%
dévoilent
50%
milliers
49%
d'étoiles
47%
mes
46%
éclairer
43%
meilleur
40%
Viens
40%
coeur
39%
chemins
36%
sur
36%
toujours
32%
parler
31%
partageons
31%
laissant
30%
t'envoie
21%

Distribution des résultats

Percentile par nombre de réponses

% des personnes avec chaque résultat

Votre développement - résultats

Vous n’avez pas pris ce quiz